000 00178 a2200097 4500
020 _a9780836843712
041 _aspa
100 _aGaneri, Anita
245 _aEl Viento
942 _cBK
999 _c2628
_d2628